Circular Business Models: A New Business Paradigm in the Circular Economy
Saved in:
| Main Author: | |
|---|---|
| Other Authors: | , , |
| Format: | Book |
| Language: | English |
| Published: |
Praha
Wolters Kluwer ČR
2025
|
| Edition: | 1st Edition |
| Subjects: | |
| Tags: |
No Tags, Be the first to tag this record!
|
MARC
| LEADER | 00000nam a2200000 4500 | ||
|---|---|---|---|
| 001 | 0313837 | ||
| 005 | 20260108085754.3 | ||
| 020 | |a 978-80-286-0418-9 | ||
| 041 | 0 | |a eng | |
| 044 | |a CZ | ||
| 245 | 1 | 0 | |a Circular Business Models: A New Business Paradigm in the Circular Economy |c Daniela Rybárová, Slavka Šagátová ; Reviewers: Eva Kislingerová, Ľuba Füzyová |
| 250 | |a 1st Edition | ||
| 264 | 1 | |a Praha |b Wolters Kluwer ČR |c 2025 | |
| 300 | |a 149 s. [9,16 AH] | ||
| 610 | 2 | 0 | |a modely obchodné |
| 610 | 2 | 0 | |a hospodárstvo obehové |
| 610 | 2 | 0 | |a stratégia podnikateľská |
| 610 | 2 | 0 | |a implementácia |
| 610 | 2 | 0 | |a výskum |
| 100 | 1 | |a Rybárová, Daniela, 1967- | |
| 700 | 1 | |a Šagátová, Slavka, 1975- | |
| 700 | 1 | |a Kislingerová, Eva | |
| 700 | 1 | |a Füzyová, Ľubica | |